|
|
|
|
| LEADER |
00000nnm a2200000 i 4500 |
| 001 |
dolg22160 |
| 005 |
20190828094328.0 |
| 008 |
190517suuuu hu o 000 hun d |
| 040 |
|
|
|a BGE Dolgozattár Repozitórium
|b hun
|
| 041 |
|
|
|a hu
|
| 100 |
1 |
|
|a Eichammer Vanda
|
| 245 |
1 |
3 |
|a Az utazásközvetítés tevékenysége, hatékonysága, illetve az igényfelmérés
|c Eichammer Vanda
|h [elektronikus dokumentum]
|
| 516 |
|
|
|a Project_work
|
| 695 |
|
|
|a Utazásközvetítés
|
| 695 |
|
|
|a Utazásszervezés
|
| 700 |
1 |
|
|a Talabos István
|e ths
|
| 856 |
4 |
0 |
|u http://dolgozattar.uni-bge.hu/22160/2/Eichammer_Vanda_D2EUBY.pdf
|z Dokumentum-elérés
|